000 00866nam a2200229 i 4500
001 87255
003 ES-MaACL
005 20230906175630.0
007 t|
008 041220m19731981xxu ||||1| eng d
100 1 _aKnuth, Donald E.
_968385
245 1 4 _aThe art of computer programming /
_cDonald E. Knuth.
250 _a2nd ed.
260 _aReading, Massachusetts :
_bAddison-Wesley,
_c[1973-1981]
300 _a3 v. ;
_c24 cm.
490 1 _aAddison-Wesley series in computer science and information processing
505 8 _aContiene: V. I: Fundamental algorithms. -- V. II: Seminumerical algorithms. -- V. III: Sorting and searching
650 0 4 _aProgramación de ordenadores.
_916464
830 0 _aAddison-Wesley series in computer science and information processing
_9231780
852 _aES-MaACL
_jP-61
_bR.113723, 114195
999 _c87255
_d87255